000 00498nam a22001697a 4500
003 LK-CoMWRAF
005 20231017113631.0
008 231017b |||||||| |||| 00| 0 eng d
040 _aLK-CoMWRAF
_dLK-CoMWRAF
_eLK-CoMWRAF
041 _aeng
082 _a428
_bSAM
100 _aSamaranayake, W. H.
245 _aPractical English for post-primary classes and public examinations
260 _aPolgahawela
_bSamaranayake publishers,
_c2002
650 _aEnglish language -- Grammar
942 _cBK
999 _c3902
_d3902